Statistics for Comedy Bacon Puzzle

Click here to take the quiz!

General Stats

  • This quiz has been taken 25,815 times
    (25,796 since last reset)
  • The average score is 10 of 17

Answer Stats

Actor% Correct
Ben Stiller
86%
Steve Carell
84%
Will Ferrell
81%
Jack Black
80%
Cameron Diaz
69%
Bill Murray
69%
Vince Vaughn
66%
Jonah Hill
65%
Owen Wilson
63%
Russell Brand
60%
Michael Cera
57%
Dan Aykroyd
52%
Gwyneth Paltrow
49%
John C. Reilly
47%
Jason Segel
46%
John Cusack
42%
Jenna Fischer
14%

Score Distribution

Percentile by Number Answered

Percent of People with Each Score

Your Score History

You have not taken this quiz since the last reset